Every 5,000+ City in Estonia - Statistics

General Stats
  • This quiz has been taken 36 times
  • The average score is 13 of 23
Answers on the Map
Answers color-coded by a green-red scale on the quiz's map according to % correct below.
 
Answer Stats
Hint Answer % Correct
456 518 Tallinn
100%
52 495 Narva
90%
41 529 Pärnu
87%
97 304 Tartu
87%
12 989 Kuressaare
67%
17 157 Viljandi
63%
12 024 Võru
63%
11 999 Valga
60%
15 668 Rakvere
57%
9 499 Haapsalu
53%
32 839 Kohtla-Järve
53%
5 320 Rapla
53%
5 049 Jõgeva
50%
7 936 Paide
50%
11 024 Keila
40%
5 392 Põlva
40%
12 153 Sillamäe
40%
5 133 Türi
40%
5 622 Elva
37%
16 875 Maardu
33%
5 481 Tapa
33%
10 720 Jõhvi
30%
6 217 Saue
30%
No matching quizzes found
Score Distribution
Percent of People with Each Score
Percentile by Number Answered
Your Score History
You have not taken this quiz